[Event "QA-ANNIV-03"]
[Site "http://www.queenalice.com/game.php?id=270035"]
[Date "2007.9.11"]
[Round "3"]
[White "Quelentaro"]
[Black "Baal"]
[Result "0-1"]
[WhiteElo "1601"]
[BlackElo "1488"]

1. e4 e5 2. Nf3 Nc6 3. Bc4 Nf6 4. Qe2 Bc5 5. Bxf7+ Kxf7 6. Qc4+ d5 7. Qxc5 dxe4
8. Nxe5+ Nxe5 9. Qxe5 Re8 10. Qg5 Ng4 11. Qxd8 Rxd8 12. Nc3 Bf5 13. O-O Re8 14.
Nd5 Rac8 15. f3 exf3 16. gxf3 Nf6 17. Nxf6 Kxf6 18. d3 Bh3 19. Rd1 Re6 20. Bf4
Rce8 0-1

[Event "AUTO-OPEN-602"]
[Site "http://www.queenalice.com/game.php?id=276266"]
[Date "2007.9.24"]
[Round "2"]
[White "Cesar"]
[Black "Quelentaro"]
[Result "1-0"]
[WhiteElo "1668"]
[BlackElo "1571"]

1. e4 c5 2. Nf3 d6 3. Bc4 Nc6 4. O-O Bg4 5. h3 Bxf3 6. Qxf3 f6 7. d3 e5 8. Nc3
Nge7 9. a3 Qc7 10. Nd5 Nxd5 11. Bxd5 Nd4 12. Qd1 Be7 13. c3 Nb5 14. f4 exf4 15.
Bxf4 O-O-O 16. b4 Nxc3 17. Qg4+ Kb8 18. bxc5 Qxc5+ 19. Kh1 1-0

[Event "AUTO-OPEN-602"]
[Site "http://www.queenalice.com/game.php?id=276267"]
[Date "2007.9.24"]
[Round "2"]
[White "Quelentaro"]
[Black "Cesar"]
[Result "0-1"]
[WhiteElo "1559"]
[BlackElo "1680"]

1. e4 c5 2. Nf3 Nc6 3. Bc4 g6 4. O-O Bg7 5. Nc3 Nf6 6. d3 d6 7. Bg5 h6 8. Bh4 g5
9. Bg3 O-O 10. Nd5 Be6 11. Nxf6+ Bxf6 12. h4 Nd4 13. Nxd4 Bxd4 14. Bxe6 Bxb2 15.
Bxf7+ Rxf7 16. Rb1 Bf6 17. Rxb7 e5 18. hxg5 Bxg5 0-1

[Event "AUTO-OPEN-850"]
[Site "http://www.queenalice.com/game.php?id=279914"]
[Date "2007.10.1"]
[Round "1"]
[White "Quelentaro"]
[Black "Rusty"]
[Result "0-1"]
[WhiteElo "1601"]
[BlackElo "2397"]

1. e4 e5 2. Nf3 Nc6 3. Bc4 Bc5 4. Qe2 Nf6 5. Bxf7+ Kxf7 6. Qc4+ d5 7. Qxc5 Nxe4
8. Qe3 Re8 9. O-O Kg8 10. d3 Nf6 11. Nc3 d4 12. Qe1 dxc3 13. Qxc3 Nd4 14. Nxd4
exd4 15. Qc4+ Be6 16. Qb4 Qd6 17. Qxb7 Bd5 18. Qb5 Ng4 19. g3 Nxh2 20. Bf4 Nf3+
21. Kg2 Ng5+ 22. Kg1 Nh3+ 23. Kh2 Nxf4 24. gxf4 Qxf4+ 25. Kh3 Re5 26. f3 Rh5+
0-1

[Event "AUTO-OPEN-850"]
[Site "http://www.queenalice.com/game.php?id=279915"]
[Date "2007.10.1"]
[Round "1"]
[White "Rusty"]
[Black "Quelentaro"]
[Result "1-0"]
[WhiteElo "2401"]
[BlackElo "1628"]

1. d4 d5 2. c4 c6 3. Nf3 Nf6 4. Nc3 e6 5. e3 Be7 6. Bd3 Bd7 7. e4 Bb4 8. O-O
Bxc3 9. bxc3 Qe7 10. e5 Ng4 11. Rb1 b6 12. h3 Nh6 13. Bxh6 gxh6 14. Nh2 Na6 15.
cxd5 cxd5 16. Bxa6 Rb8 17. Ng4 Qg5 18. Nf6+ Ke7 19. f4 Qg3 20. Qf3 Qg6 21. f5
exf5 22. Nxd7 Kxd7 23. Qxd5+ Ke7 24. Qd6+ Qxd6 25. exd6+ Kxd6 26. Rxf5 Rhf8 27.
c4 Rbe8 28. Rf6+ Ke7 29. Rxh6 Rh8 30. Re1+ Kf8 31. Rxe8+ Kxe8 32. c5 bxc5 33.
dxc5 Kd7 34. Bd3 Rc8 35. Bf5+ 1-0

[Event "AUTO-OPEN-850"]
[Site "http://www.queenalice.com/game.php?id=279916"]
[Date "2007.10.1"]
[Round "1"]
[White "Quelentaro"]
[Black "bmax1968"]
[Result "0-1"]
[WhiteElo "1603"]
[BlackElo "2049"]

1. e4 d6 2. d4 Nf6 3. Nc3 g6 4. Nf3 Bg7 5. Bd2 O-O 6. Bd3 Nbd7 7. O-O e5 8. dxe5
dxe5 9. Qc1 Nc5 10. Nxe5 Re8 11. f4 Ng4 12. Nxg4 Bxg4 13. f5 Nxd3 14. cxd3 Qxd3
15. f6 Bf8 16. Bh6 Bc5+ 17. Kh1 Bb4 18. Bg7 Bxc3 19. Qh6 Bd2 20. Qh4 Rxe4 21.
Qf2 Re2 22. Qh4 Bd7 23. Bh6 Bc6 24. Bxd2 Qxd2 25. Rad1 Bxg2+ 26. Kg1 Qe3+ 27.
Rf2 Bf3 28. Rf1 Re1 29. Qh3 Rxf1+ 30. Qxf1 Rd8 0-1

[Event "AUTO-OPEN-850"]
[Site "http://www.queenalice.com/game.php?id=279917"]
[Date "2007.10.1"]
[Round "1"]
[White "bmax1968"]
[Black "Quelentaro"]
[Result "1-0"]
[WhiteElo "2048"]
[BlackElo "1580"]

1. c4 c5 2. Nc3 d6 3. g3 Nc6 4. Bg2 Bd7 5. Nf3 g6 6. O-O Bg7 7. d3 Nf6 8. a3 O-O
9. Bg5 e5 10. Nd5 Ne7 11. Nxf6+ Bxf6 12. Bxf6 Qe8 13. Nh4 Nf5 14. Nxf5 Bxf5 15.
Bxb7 Rb8 16. Bd5 Rxb2 17. Qc1 Bh3 18. Qh6 1-0

[Event "AUTO-OPEN-906"]
[Site "http://www.queenalice.com/game.php?id=306126"]
[Date "2007.11.18"]
[Round "1"]
[White "Quelentaro"]
[Black "Dalri_Ultreya"]
[Result "0-1"]
[WhiteElo "1651"]
[BlackElo "1646"]

1. e4 e5 2. Nf3 Nc6 3. Bc4 Nf6 4. Qe2 Bc5 5. Bxf7+ Kxf7 6. Qc4+ d5 7. Qxc5 Re8
8. O-O Nxe4 9. Qe3 Kg8 10. d3 Nf6 11. Qd2 e4 12. dxe4 Nxe4 13. Qd3 Nf6 14. Bd2
a6 15. Nc3 Nb4 0-1

[Event "AUTO-OPEN-906"]
[Site "http://www.queenalice.com/game.php?id=306127"]
[Date "2007.11.18"]
[Round "1"]
[White "Dalri_Ultreya"]
[Black "Quelentaro"]
[Result "1-0"]
[WhiteElo "1669"]
[BlackElo "1667"]

1. d4 d5 2. Bf4 Nc6 3. Nf3 Bf5 4. Nc3 e6 5. e3 Nf6 6. Bb5 Qd7 7. O-O a6 8. Ba4
b5 9. Bb3 Be7 10. Nh4 Ne4 11. Nxf5 exf5 12. Nxe4 fxe4 13. Qh5 h6 14. Bxd5 Rd8
15. Qxf7# 1-0

[Event "AUTO-OPEN-906"]
[Site "http://www.queenalice.com/game.php?id=306128"]
[Date "2007.11.18"]
[Round "1"]
[White "Quelentaro"]
[Black "thiagosg666"]
[Result "0-1"]
[WhiteElo "1635"]
[BlackElo "1437"]

1. e4 e5 2. Nf3 Qe7 3. Bc4 Qc5 4. b3 d6 5. Nc3 Nf6 6. O-O Ng4 7. h3 Nf6 8. d4
Qa5 9. Bd2 d5 10. exd5 e4 11. Nxe4 Qb6 12. a4 Nxe4 13. Re1 Be7 14. Rxe4 Bf5 15.
Re5 O-O 16. Rxf5 g6 17. Bh6 Re8 0-1

[Event "AUTO-OPEN-906"]
[Site "http://www.queenalice.com/game.php?id=306129"]
[Date "2007.11.18"]
[Round "1"]
[White "thiagosg666"]
[Black "Quelentaro"]
[Result "1-0"]
[WhiteElo "1461"]
[BlackElo "1611"]

1. c4 c5 2. e4 Nc6 3. d3 d6 4. Nf3 Bg4 5. Nc3 e5 6. Bg5 f6 7. Bh4 Be7 8. Be2
Bxf3 9. Bxf3 Nd4 10. Bh5+ g6 11. Bg4 f5 12. Bxf5 Bxh4 13. O-O Nf6 14. Qa4+ Nc6
15. Nd5 Nxd5 16. cxd5 gxf5 17. dxc6 1-0

[Event "AUTO-OPEN-739"]
[Site "http://www.queenalice.com/game.php?id=306449"]
[Date "2007.11.19"]
[Round "2"]
[White "Quelentaro"]
[Black "plutochess"]
[Result "0-1"]
[WhiteElo "1589"]
[BlackElo "1753"]

1. e4 e5 2. Nf3 Nc6 3. Bc4 Nf6 4. Qe2 Bc5 5. Bxf7+ Kxf7 6. Qc4+ Ke7 7. Qxc5+ d6
8. Qe3 Nb4 9. Qb3 c5 10. c4 Nxe4 11. O-O h6 0-1

[Event "AUTO-OPEN-739"]
[Site "http://www.queenalice.com/game.php?id=306466"]
[Date "2007.11.19"]
[Round "2"]
[White "Quelentaro"]
[Black "mgalmeidas"]
[Result "1-0"]
[WhiteElo "1626"]
[BlackElo "1760"]

1. e4 b6 2. Nf3 Bb7 3. Nc3 g6 4. Bc4 e6 5. d3 Bg7 6. O-O Nc6 7. a3 Ne5 8. Nxe5
Bxe5 9. f4 Bd4+ 10. Kh1 Ne7 11. Ne2 Nc6 12. c3 1-0

[Event "AUTO-OPEN-739"]
[Site "http://www.queenalice.com/game.php?id=306467"]
[Date "2007.11.19"]
[Round "2"]
[White "mgalmeidas"]
[Black "Quelentaro"]
[Result "0-1"]
[WhiteElo "1739"]
[BlackElo "1647"]

1. e4 c5 2. Nc3 Nc6 3. Nf3 d6 4. h3 e5 5. a3 Nf6 6. Bc4 Bd7 7. Ng5 Be6 8. Bxe6
fxe6 9. Nxe6 Qe7 10. Ng5 Nd7 11. d3 O-O-O 0-1